UBT Library

La corriente de la conciencia en la novela moderna (un estudio de James Joyce, Virginia Woolf, Dorothy Richardson, William Faulkner y otros). (Record no. 40333)

000 -LEADER
fixed length control field 00807cam a22002291 4500
001 - CONTROL NUMBER
control field 3222919
005 - DATE AND TIME OF LATEST TRANSACTION
control field 20180116034517.0
008 - FIXED-LENGTH DATA ELEMENTS--GENERAL INFORMATION
fixed length control field 790802s1969 cl b 000 0 spa
010 ## - LIBRARY OF CONGRESS CONTROL NUMBER
LC control number 78474126
025 ## - OVERSEAS ACQUISITION NUMBER
Overseas acquisition number LACAP70-0952
040 ## - CATALOGING SOURCE
Original cataloging agency DLC
Transcribing agency DLC
Modifying agency DLC
041 1# - LANGUAGE CODE
Language code of text/sound track or separate title spaeng
080 ## - UNIVERSAL DECIMAL CLASSIFICATION NUMBER
Universal Decimal Classification number 809.383
082 00 - DEWEY DECIMAL CLASSIFICATION NUMBER
Classification number 809.383 HUM
100 1# - Rafti
Rafti 48
101 ## - Shkurtesa
Shkurtesa PSI
240 00 - UNIFORM TITLE
Uniform title <a href="Stream of consciousness in the modern novel. Spanish">Stream of consciousness in the modern novel. Spanish</a>
245 13 - TITLE STATEMENT
Title La corriente de la conciencia en la novela moderna (un estudio de James Joyce, Virginia Woolf, Dorothy Richardson, William Faulkner y otros).
Statement of responsibility, etc Traducción de Julio Rodríguez-Puértolas y Carmen Criado de Rodríguez-Puértolas.
504 ## - BIBLIOGRAPHY, ETC. NOTE
Bibliography, etc Includes bibliographical references.
906 ## - LOCAL DATA ELEMENT F, LDF (RLIN)
a 7
b cbc
c orignew
d 1
e ncip
f 19
g y-gencatlg
942 ## - ADDED ENTRY ELEMENTS (KOHA)
Source of classification or shelving scheme
Item type Books
Holdings
Withdrawn status Lost status Source of classification or shelving scheme Damaged status Not for loan Collection code Permanent location Current location Shelving location Date acquired Total Checkouts Full call number Barcode Date last seen Price effective from Koha item type
          Koleksioni i përgjithshem UBT - Lipjan UBT - Lipjan Koleksioni i përgjithshem 01/16/2018   809.383 HUM 002-2995589 01/16/2018 01/16/2018 Books
UBT Library © 2015-2024. All rights reserved University Education for Business and Technology